AGRO TECHNIQUES IN BHINDI FOR PRECISION FARMING (Record no. 371019)

MARC details
000 -LEADER
fixed length control field 00428nam a22001457a 4500
005 - DATE AND TIME OF LATEST TRANSACTION
control field 20250903144836.0
008 - FIXED-LENGTH DATA ELEMENTS--GENERAL INFORMATION
fixed length control field 230316b |||||||| |||| 00| 0 eng d
040 ## - CATALOGING SOURCE
Transcribing agency DDC
082 ## - DEWEY DECIMAL CLASSIFICATION NUMBER
Classification number J P19
Item number AM.335
100 ## - MAIN ENTRY--PERSONAL NAME
Dates associated with a name 2019
Personal name AMMU PUNNOOSE
245 ## - TITLE STATEMENT
Title AGRO TECHNIQUES IN BHINDI FOR PRECISION FARMING
260 ## - PUBLICATION, DISTRIBUTION, ETC. (IMPRINT)
Place of publication, distribution, etc. COLLEGE OF AGRICULTURE VELLAYANI
Name of publisher, distributor, etc. DEPARTMENT OF AGRONOMY
Date of publication, distribution, etc. 2019
700 ## - ADDED ENTRY--PERSONAL NAME
Personal name Dr.T. SAJITHA RANI
942 ## - ADDED ENTRY ELEMENTS (KOHA)
Source of classification or shelving scheme Dewey Decimal Classification
Koha item type Theses
Holdings
Withdrawn status Lost status Source of classification or shelving scheme Damaged status Not for loan Collection code Home library Current library Date acquired Total Checkouts Full call number Barcode Date last seen Price effective from Koha item type
    Dewey Decimal Classification       College of Agriculture, Vellayani College of Agriculture, Vellayani 16/03/2023   J P19 AM.335 KAU_COAV-Th2165 16/03/2023 16/03/2023 Theses
Kerala Agricultural University Central Library
Thrissur-(Dt.), Kerala Pin:- 680656, India
Ph : (+91)(487) 2372219
E-mail: librarian@kau.in
Website: http://library.kau.in/